Т. 1: А - И; Историческая энциклопедия Сибири

Bibliographische Detailangaben
Parent link:Историческая энциклопедия Сибири: в 3 т./ Российская академия наук (РАН), Сибирское отделение (СО), Институт истории (ИС); под ред. В. А. Ламина. Т. 1: А - И.— , 2009
Zusammenfassung:"Историческая энциклопедия Сибири" представляет собой специализированное научно-справочное энциклопедическое издание, отражающее ключевые аспекты развития Сибири с древнейших времен до современности. В издании отражена интегрирующая функция восточных регионов страны, их системообразующая роль в экономических, демографических, политических и социокультурных процессах развития российского государства. Территориальные рамки издания охватывают Алтайский, Забайкальский, Красноярский, Хабаровский, Камчатский и Приморский края, Курганскую, Тюменскую, Омскую, Новосибирскую, Кемеровскую, Томскую, Иркутскую, Амурскую, Магаданскую и Сахалинскую области, республики Бурятия, Алтай, Хакасия, Тыва, Саха (Якутия), Чукотский, Ханты-Мансийский-Югра и Ямало-Ненецкий автономные округа, Еврейскую автономную область. Такая трактовка территориальных рамок близка исторически сложившимся представлениям о Сибири как о регионе, занимающем северную часть Азии от Урала до Тихого океана.
Sprache:Russisch
Veröffentlicht: 2009
Schlagworte:
Format: MixedMaterials Buch
KOHA link:https://koha.lib.tpu.ru/cgi-bin/koha/opac-detail.pl?biblionumber=177080

MARC

LEADER 00000nam2a2200000 4500
001 177080
005 20231101223319.0
010 |a 5840202304 
035 |a (RuTPU)RU\TPU\book\191986 
090 |a 177080 
100 |a 20100311d2009 km y0rusy50 ca 
101 0 |a rus 
102 |a RU 
105 |a a f 000zy 
200 0 |a Т. 1: А - И 
210 |d 2009 
215 |a 716 с.  |c ил. 
330 |a "Историческая энциклопедия Сибири" представляет собой специализированное научно-справочное энциклопедическое издание, отражающее ключевые аспекты развития Сибири с древнейших времен до современности. В издании отражена интегрирующая функция восточных регионов страны, их системообразующая роль в экономических, демографических, политических и социокультурных процессах развития российского государства. Территориальные рамки издания охватывают Алтайский, Забайкальский, Красноярский, Хабаровский, Камчатский и Приморский края, Курганскую, Тюменскую, Омскую, Новосибирскую, Кемеровскую, Томскую, Иркутскую, Амурскую, Магаданскую и Сахалинскую области, республики Бурятия, Алтай, Хакасия, Тыва, Саха (Якутия), Чукотский, Ханты-Мансийский-Югра и Ямало-Ненецкий автономные округа, Еврейскую автономную область. Такая трактовка территориальных рамок близка исторически сложившимся представлениям о Сибири как о регионе, занимающем северную часть Азии от Урала до Тихого океана. 
461 1 |0 (RuTPU)RU\TPU\book\192534  |t Историческая энциклопедия Сибири  |o в 3 т.  |f Российская академия наук (РАН), Сибирское отделение (СО), Институт истории (ИС); под ред. В. А. Ламина  |v Т. 1: А - И  |d 2009 
606 1 |a Сибирь  |x История  |2 stltpush  |3 (RuTPU)RU\TPU\subj\67153  |9 83036 
610 1 |a исторические энциклопедии 
610 1 |a термины 
610 1 |a определения 
610 1 |a персоналии 
686 |a Т3(253)я2  |v LBC/SL-A  |2 rubbk 
801 1 |a RU  |b 63413507  |c 20100311 
801 2 |a RU  |b 63413507  |c 20141009  |g RCR 
942 |c BK